| 000 | 00858cam a2200253 a 4500 | ||
|---|---|---|---|
| 001 | 12728709 | ||
| 005 | 20180123034723.0 | ||
| 008 | 020403s2001 caua 001 0 eng d | ||
| 010 | _a 2001131375 | ||
| 020 | _a0970750803 | ||
| 035 | _a(OCoLC)ocm48590041 | ||
| 040 |
_aCMI _cCMI _dDLC |
||
| 041 | _aeng | ||
| 042 | _alccopycat | ||
| 080 | _a617.44 VAZ | ||
| 082 | 0 | 0 |
_a617.44 VAZ _221 |
| 100 | 1 | _a3 | |
| 101 | _aSHM | ||
| 245 | 1 | 0 |
_aDeadly monopoly : _cAli Vazirabadi. |
| 246 | 3 | 0 | _aDiscrimination against minorities in the government-funded NMDP bone marrow registry program |
| 906 |
_a7 _bcbc _ccopycat _d2 _encip _f20 _gy-gencatlg |
||
| 942 |
_2ddc _cBK |
||
| 999 |
_c40714 _d40714 |
||